000 00486pab a2200169 454500
008 180718b2001 xxu||||| |||| 00| 0 eng d
100 _aHayes, Bernadette C.
245 _aSowing Dragon's teeth: public support for political violence and para militarism in Northern Ireland.
260 _c2001
300 _ap.901-22
362 _aDec
650 _aViolence - Northern Ireland
650 _aViolence
700 _aMc Allister, Ian
773 _aPolitical Studies
909 _a51164
999 _c51164
_d51164